To model the wing of Mashshak A/C using COSMOS and determine the structural integrity of its various load carrying members after the installation of new engine (Record no. 326417)
[ view plain ]
| 000 -LEADER | |
|---|---|
| fixed length control field | 00490 a2200133 4500 |
| 001 - CONTROL NUMBER | |
| control field | 91344 |
| 082 ## - DEWEY DECIMAL CLASSIFICATION NUMBER | |
| Classification number | PR 1250 |
| 090 ## - LOCALLY ASSIGNED LC-TYPE CALL NUMBER (OCLC); LOCAL CALL NUMBER (RLIN) | |
| -- | 43464 |
| -- | 43463 |
| 100 ## - MAIN ENTRY--PERSONAL NAME | |
| Personal name | Muhammed Muddasir ul Hasan; Prof Waqas Islam (Advisor) |
| 245 ## - TITLE STATEMENT | |
| Title | To model the wing of Mashshak A/C using COSMOS and determine the structural integrity of its various load carrying members after the installation of new engine |
| Number of part/section of a work | 46 "A" EC |
| 260 ## - PUBLICATION, DISTRIBUTION, ETC. | |
| Place of publication, distribution, etc. | Karachi |
| Name of publisher, distributor, etc. | NED University |
| Date of publication, distribution, etc. | 1997 |
| 300 ## - PHYSICAL DESCRIPTION | |
| Extent | 65p |
| 500 ## - GENERAL NOTE | |
| General note | BE Project Reports |
| 942 ## - ADDED ENTRY ELEMENTS (KOHA) | |
| Institution code [OBSOLETE] | CAE NUST |
| Call number prefix | PR 1250 |
| Withdrawn status | Lost status | Damaged status | Not for loan | Collection code | Permanent Location | Current Location | Date acquired | Total Checkouts | Full call number | Barcode | Date last seen | Price effective from | Koha item type |
|---|---|---|---|---|---|---|---|---|---|---|---|---|---|
| College of Aeronautical Engineering (CAE) | College of Aeronautical Engineering (CAE) | 04/03/2017 | PR 1250 | CAEPR-1250 | 04/05/2017 | 04/05/2017 | Book |
